[Event "GCT Superbet Romania 2021"]
[Site "Bucharest"]
[Date "2021.06.11"]
[Round "6.1"]
[White "Mamedyarov, Shakhriyar"]
[Black "Aronian, Levon"]
[Result "1-0"]
[WhiteElo "2770"]
[BlackElo "2781"]
[Annotator "TA"]
[PlyCount "79"]
[EventDate "2021.06.05"]
[EventType "tourn"]
[EventCountry "ROU"]
[SourceTitle "playchess.com"]
[Source "ChessBase"]
[SourceQuality "1"]

{[%evp 12,79,19,19,31,7,8,0,22,22,12,10,20,0,13,12,12,12,16,17,15,3,23,22,12,6,
5,8,73,75,97,95,94,102,184,0,184,187,184,188,204,195,176,163,230,234,232,215,
243,255,533,529,511,503,647,645,582,358,366,371,529,542,647,647,629,626,605,
588,540,462]} 1. d4 Nf6 2. c4 e6 3. Nf3 d5 4. Nc3 Bb4 5. Qa4+ Nc6 6. e3 (6. Bg5
h6 7. Bxf6 Qxf6 8. e3 O-O 9. Be2 dxc4 10. O-O Bd7 11. Bxc4 Bxc3 12. bxc3 Rfd8
13. Be2 Be8 14. Qa3 Qe7 15. Qb2 b6 16. c4 Na5 17. e4 f6 18. e5 Rac8 19. Rad1 c5
20. d5 Bh5 21. exf6 Qxf6 22. Ne5 Bxe2 23. Qxe2 exd5 24. cxd5 {0-1 (45)
Mamedyarov,S (2764)-Aronian,L (2765) Saint Louis 2019}) 6... O-O 7. Bd2 dxc4 {
D38: Queen's Gambit Declined: Ragozin Defence (4 Nf3 Bb4).} 8. Bxc4 Bd6 9. Qc2
{9.Qc2 scores better than 9.Nb5.} e5 {The position is equal.} 10. dxe5 Nxe5 11.
Nxe5 Bxe5 12. f4 Bxc3 13. Bxc3 Ng4 14. Bd4 c5 15. Bxc5 {Rd1 is the strong
threat.} Re8 $1 16. O-O {With the idea Rfd1.} Nxe3 17. Bxe3 Rxe3 {[#]} 18. Rfe1
$5 $146 {[%mdl 8] New and interesting.} (18. Qf2 {seems wilder.} Qb6 19. f5 Re5
20. Qxb6 axb6 21. Rae1) ({Predecessor:} 18. Qf2 Re8 19. Rad1 Qf6 20. f5 b6 21.
Qg3 Rd8 22. Bxf7+ Kxf7 23. Qc7+ Rd7 24. Rxd7+ Bxd7 25. Qxd7+ {0-1 (40)
Andreikin,D (2726)-Vidit,S (2726) Chess.com INT 2020}) 18... Rxe1+ (18... Qb6 {
with more complications.} 19. Qf2 Rxe1+ 20. Rxe1 Qxf2+ 21. Kxf2 Kf8) 19. Rxe1
Bd7 {[#]} (19... Qd4+ $11 {remains equal.} 20. Qf2 Qxf2+ 21. Kxf2 Kf8) 20. Qb3
$1 $16 Qf6 21. Qxb7 $40 {[%mdl 192] Double Attack. Black is in trouble.} Qd4+
22. Kh1 Re8 (22... Rd8 $16 {was called for.}) 23. Rxe8+ $18 Bxe8 {[#]} 24.
Bxf7+ $1 {[%mdl 576] Double Attack} Kf8 {[%cal Rd4d1]} 25. Bb3 Qc5 {( -> ...
Qc1+!)} 26. Qd5 {[%cal Rd5c5]} Qc1+ 27. Bd1 Qxf4 {[#]} (27... h6 $142 28. Qd4
Bh5) 28. Qc5+ $1 Kg8 29. Qxa7 h5 30. h3 Bc6 $2 (30... Kh7 {was necessary.} 31.
Bc2+ Kh6) 31. Bb3+ Kh7 32. Qf7 Qc1+ 33. Kh2 {Black must now prevent Qf5+.} Qc5
34. Qg8+ Kh6 {intending ...Qe5+.} 35. Qe6+ g6 (35... Kh7 {is a better defense.}
36. a4 Bb7 37. Qg8+ Kh6 38. Qh8+ Kg6) 36. Qf6 {White is clearly winning.} Bd7
37. h4 {[%cal Rf6h8]} Qc7+ 38. g3 {[%cal Rf6h8]} Qc8 39. Qf4+ Kh7 40. Qf7+ {
Weighted Error Value: White=0.10/Black=0.35} 1-0

[Event "GCT Superbet Romania 2021"]
[Site "Bucharest"]
[Date "2021.06.11"]
[Round "6.2"]
[White "So, Wesley"]
[Black "Giri, Anish"]
[Result "1/2-1/2"]
[WhiteElo "2770"]
[BlackElo "2780"]
[Annotator "TA"]
[PlyCount "164"]
[EventDate "2021.06.05"]
[EventType "tourn"]
[EventCountry "ROU"]
[SourceTitle "playchess.com"]
[Source "ChessBase"]
[SourceQuality "1"]

{[%evp 18,164,13,0,0,0,10,10,12,12,16,13,17,17,13,15,18,0,0,0,2,10,14,14,32,5,
39,32,43,0,37,9,9,11,10,13,20,20,20,24,39,32,47,21,50,31,37,39,68,63,58,61,78,
78,83,78,79,78,78,78,78,78,78,78,78,78,78,50,78,42,49,20,54,8,8,8,28,8,8,8,8,8,
8,8,8,8,8,8,8,8,8,8,8,8,8,0,8,8,8,8,8,8,8,8,8,8,8,8,8,8,8,8,8,0,8,8,8,8,8,8,8,
8,8,8,8,8,8,8,8,8,8,0,8,0,8,8,8,8,8,8,8,0,0,0,0,0,8,0,0]} 1. d4 {Anand,V} Nf6
2. c4 e6 3. Nc3 Bb4 4. e3 O-O 5. Bd3 d5 6. a3 Bxc3+ 7. bxc3 dxc4 8. Bxc4 c5 9.
Nf3 Qc7 10. Be2 b6 {E53: Nimzo-Indian: Rubinstein: Main Line (4...0-0 5 Nf3 d5
6 Bd3 c5 7 0-0).} 11. Bb2 {[#]} cxd4 $146 ({Predecessor:} 11... Bb7 12. O-O
Nbd7 13. c4 Rac8 14. Rc1 Rfd8 15. Qb3 Ng4 16. g3 Ngf6 17. Rfd1 Ne4 18. Ne1 Nd6
19. d5 exd5 20. cxd5 c4 {0-1 (34) Carlsen,M (2837)-Anand,V (2782) Riadh 2017
CBM 182 [Anand,V]}) 12. cxd4 Ba6 13. O-O Bxe2 14. Qxe2 Nbd7 15. e4 Rac8 16.
Rfc1 Qb7 17. Re1 h6 18. Rab1 Rc7 19. Nd2 Rfc8 20. Nf1 Qc6 21. f3 Qc2 22. Qb5 {
[#] Hoping for Rec1.} Qc6 23. Qe2 Qc2 24. Ne3 (24. Qa6 $5 {[%cal Re1c1]}) 24...
Qxe2 25. Rxe2 Ne8 26. d5 Nc5 27. dxe6 Nxe6 28. Rd2 b5 29. Kf2 Rb7 30. h4 h5 31.
Nd5 f6 32. Rbd1 a5 33. Bc3 Ra8 34. Rb2 Kf7 35. Be1 Ra6 36. Ne3 Nd6 {[#]} 37.
Bxa5 $1 Rxa5 38. Rxd6 Rxa3 39. Rd5 Nf4 40. Rdxb5 Rxb5 41. Rxb5 $16 {[%mdl 4096]
Endgame KRN-KRN} g6 42. Rb7+ Ke6 43. Rb6+ Kf7 44. Rc6 Ra2+ 45. Rc2 Rxc2+ 46.
Nxc2 $11 {KN-KN} g5 $1 47. hxg5 fxg5 {The position is equal.} 48. Nd4 {Black
should prevent g3.} h4 49. g3 hxg3+ 50. Kxg3 Nd3 51. Nc6 Kg6 52. Ne7+ Kf6 53.
Nd5+ Kg6 54. Ne3 Kf6 55. Ng4+ Ke6 56. Kg2 Nf4+ 57. Kf2 Nd3+ 58. Ke3 Nf4 59. Nh2
Ng2+ 60. Kf2 Nf4 61. Nf1 Nd3+ 62. Ke3 Nf4 63. Nd2 Ng2+ 64. Kd4 Nh4 65. Ke3 Ng2+
66. Kf2 Nf4 67. Nc4 Nd3+ 68. Ke3 Nf4 69. Nb2 Ng2+ 70. Ke2 g4 71. fxg4 {aiming
for Nd3.} Ke5 72. Kf3 Nh4+ 73. Kg3 Ng6 74. Kf3 {Threatens to win with Nd3+.}
Nh4+ 75. Kg3 (75. Ke3 {is more complex.} Ng2+ 76. Kf2 Nh4 77. Nc4+ Kxe4 78. Kg3
) 75... Ng6 76. g5 Kxe4 77. Kg4 Ne5+ 78. Kh5 Kf5 79. Kh6 Nf7+ 80. Kh5 Nxg5 81.
Nc4 Ke4 82. Ne3 Kxe3 {Weighted Error Value: White=0.08/Black=0.05} 1/2-1/2

[Event "GCT Superbet Romania 2021"]
[Site "Bucharest"]
[Date "2021.06.11"]
[Round "6.3"]
[White "Grischuk, Alexander"]
[Black "Lupulescu, Constantin"]
[Result "1-0"]
[WhiteElo "2776"]
[BlackElo "2656"]
[Annotator "TA"]
[PlyCount "53"]
[EventDate "2021.06.05"]
[EventType "tourn"]
[EventCountry "ROU"]
[SourceTitle "playchess.com"]
[Source "ChessBase"]
[SourceQuality "1"]

{[%evp 24,53,30,36,45,38,63,52,74,39,45,31,87,105,92,98,109,113,203,200,195,
199,208,196,202,202,234,176,233,86,222,212]} 1. e4 c5 2. Nf3 d6 3. d4 cxd4 4.
Nxd4 Nf6 5. Nc3 Nc6 6. Bg5 Bd7 7. Qd2 a6 8. O-O-O e6 9. f4 b5 10. Bxf6 gxf6 11.
Kb1 Qb6 12. Nxc6 Bxc6 13. f5 $1 {13.f5 is better than 13.Qe1.} b4 {B67:
Sicilian: Richter-Rauzer: 7...a6 8 0-0-0 Bd7, lines without 9 f4 Be7.} 14. Ne2
{fxe6 is the strong threat.} e5 15. Ng3 Qc5 {White is slightly better.} 16. b3
h5 {Strongly threatening ...h4.} 17. h4 $1 Bb5 {[#]} (17... Ke7 $14) 18. Qe1
$146 ({Predecessor:} 18. Be2 Ke7 19. c3 bxc3 20. Qc2 Rg8 21. Rd5 Qc7 22. Bxb5
Rxg3 23. Rd3 Rxd3 24. Bxd3 Bh6 25. Qe2 Rc8 26. Bc4 Qb6 27. Kc2 Rxc4 {0-1 (27)
Stefansson,H (2586)-Filipenko,A (2410) Pardubice 2001}) 18... Rc8 19. Bxb5+
axb5 20. Qe2 Ra8 {[#]} (20... Ke7 $16) 21. Rd5 $1 $18 {[%cal Rd5c5]} ({And not
} 21. Nxh5 {[#]} Rxh5 $1 22. Qxh5 Qa7 $11) 21... Qa7 22. Qxb5+ Kd8 {aiming for
...Rg8.} 23. a4 bxa3 24. Rhd1 Be7 25. Qe2 Rc8 (25... a2+ {is a better defense.}
26. Ka1 Qc7) 26. c4 (26. Nxh5 $18 {is more deadly. And now g4 would win.} Qc7
27. c4) 26... Rg8 (26... a2+ $16 27. Ka1 (27. Qxa2 Qxa2+ 28. Kxa2 Rg8 $16)
27... Rb8) 27. Nxh5 {Weighted Error Value: White=0.13/Black=0.40} 1-0

[Event "GCT Superbet Romania 2021"]
[Site "Bucharest"]
[Date "2021.06.11"]
[Round "6.5"]
[White "Deac, Bogdan-Daniel"]
[Black "Radjabov, Teimour"]
[Result "1/2-1/2"]
[WhiteElo "2627"]
[BlackElo "2765"]
[Annotator "TA"]
[PlyCount "94"]
[EventDate "2021.06.05"]
[EventType "tourn"]
[EventCountry "ROU"]
[SourceTitle "playchess.com"]
[Source "ChessBase"]
[SourceQuality "1"]

{[%evp 18,94,16,14,18,14,18,18,22,15,21,0,8,6,4,1,6,3,11,0,0,0,0,0,0,0,0,0,0,0,
0,0,0,0,0,0,0,0,0,0,0,0,0,0,0,0,0,0,0,0,0,0,0,0,0,0,0,0,0,0,0,0,0,0,0,0,0,0,0,
0,0,0,0,0,0,0,0,0,0]} 1. e4 e5 2. Nf3 Nc6 3. Bb5 Nf6 4. O-O Nxe4 5. Re1 Nd6 6.
Nxe5 Be7 7. Bf1 Nxe5 8. Rxe5 O-O 9. d4 Bf6 10. Re1 {The position is equal.} Re8
{C67: Ruy Lopez: Berlin Defence: 4 0-0 Nxe4.} 11. Bf4 Rxe1 12. Qxe1 Ne8 13. c3
d5 14. Bd3 g6 15. Nd2 {[%cal Bb1d2,Bd2f3,Bf3e5][%mdl 32]} Ng7 16. Qe2 c6 17.
Re1 Bf5 18. Nf3 Qd7 {[#]} 19. Be5 $146 ({Predecessor:} 19. Bxf5 Qxf5 20. Bh6
Ne6 21. h4 Re8 22. Qd1 Re7 {1/2-1/2 (22) Shanahan,J-Kruse,H ICCF email 2017})
19... Re8 20. Qd2 Bxe5 21. Nxe5 Qd8 22. Bxf5 Nxf5 23. g3 f6 24. Nd3 Nd6 25. h4
Rxe1+ 26. Qxe1 Kf7 27. f3 Qe7 28. Kf2 Nf5 29. Qd2 Qd6 30. Qf4 Qxf4 31. Nxf4 $11
{[%mdl 4096] Endgame KN-KN} g5 32. hxg5 fxg5 33. Nd3 h5 34. g4 hxg4 35. fxg4
Nd6 36. Ke2 Ke7 37. Ne5 Nc4 38. Nxc4 dxc4 {KP-KP} 39. Ke3 b5 40. Ke4 Ke6 41. a3
a5 42. Kf3 Kd5 43. Ke3 Kd6 (43... a4 $5) 44. Ke4 {[#] Black must now prevent
Kf5.} Ke6 45. Kf3 Kd5 46. Ke3 Kd6 (46... a4 $5) 47. Ke4 {Kf5 is the strong
threat.} Ke6 $1 {Not much happened in this game.  Weighted Error Value:
White=0.01/Black=0.00} 1/2-1/2

[Event "GCT Superbet Romania 2021"]
[Site "Bucharest"]
[Date "2021.06.12"]
[Round "7.1"]
[White "Caruana, Fabiano"]
[Black "Mamedyarov, Shakhriyar"]
[Result "0-1"]
[WhiteElo "2820"]
[BlackElo "2770"]
[Annotator "TA"]
[PlyCount "96"]
[EventDate "2021.06.05"]
[EventType "tourn"]
[EventCountry "ROU"]
[SourceTitle "playchess.com"]
[Source "ChessBase"]
[SourceQuality "1"]

{[%evp 10,96,1,-8,-12,-52,-8,-11,-14,-22,70,-6,-8,-33,-31,-29,-19,-30,-40,-64,
-68,-71,-66,-68,-67,-59,-58,-68,-64,-77,-79,-100,-100,-100,-109,-107,-111,-127,
-132,-132,-129,-140,-133,-130,-140,-125,-124,-138,-127,-120,-117,-178,-146,
-316,-325,-420,-397,-387,-362,-362,-362,-362,-347,-360,-280,-360,-353,-347,
-353,-345,-345,-289,-290,-418,-414,-399,-329,-566,-391,-1677,-1587,-5492,-3596,
-12795,-12802,-12795,-4659,-4644,-4627]} 1. e4 e5 2. Nf3 Nc6 3. Bb5 Nf6 4. d3
Bc5 5. Nc3 Nd4 6. Ba4 c6 {C48: Four Knights: 4 Bb5, replies other than 4...Bb4.
} 7. O-O d6 8. Nxd4 Bxd4 {The position is equal.} 9. h3 {[#]} g5 $146 (9... Be6
$11) ({Predecessor:} 9... O-O 10. Ne2 Bb6 11. Ng3 Be6 12. c3 d5 13. Qf3 Nd7 14.
Re1 Re8 15. Nf5 Nf8 {1-0 (30) Gallagher,J (2565)-Raetsky,A (2405) Graechen 1999
}) 10. Ne2 (10. Nd5 $1 $14 Rg8 11. c3) 10... Bb6 $1 $11 11. c3 Rg8 {And now ...
g4 would win.} 12. d4 Nxe4 13. Bc2 d5 14. Bxe4 dxe4 15. dxe5 {[#]} Qxd1 $1 16.
Rxd1 g4 17. h4 g3 $1 {[%cal Rg3f2]} 18. Nd4 Bd8 19. fxg3 Rxg3 20. Re1 {[#]} Rg4
$1 $36 {[%mdl 2048] Black is really pushing.} (20... Bxh4 21. Rxe4 Rg4 22. Rxg4
$15) 21. Bg5 Bxg5 22. hxg5 Ke7 23. Rad1 Bd7 24. e6 fxe6 25. g6 hxg6 26. Nb3 e5
27. Na5 Be6 28. Rd2 Rb8 ({Of course not} 28... Bxa2 $6 29. b3 $14) 29. b4 Kf6
30. a4 (30. Re3 $17) 30... Rg3 31. Rxe4 $2 {White does not recover from this.}
(31. Rf2+ $17 Bf5 32. Rxe4) 31... Bd5 $19 (31... Rxc3 32. Rf2+ Kg5 33. Rxe5+
Bf5 34. b5 $17) 32. Rh4 Rxc3 33. Rh7 b6 34. Nxc6 Bxc6 ({Weaker is} 34... Rxc6
35. Rxd5 Ke6 36. Rdd7 $17) 35. Rc7 Rc1+ 36. Kf2 Rf8 37. b5 Ke6+ 38. Kg3 Rc3+
39. Kh2 Rh8+ 40. Kg1 {[#]} Rh1+ $3 {[%mdl 576] Decoy} 41. Kxh1 {[#]} (41. Kf2 {
was the only chance.}) 41... Bxg2+ $1 {[%mdl 576] Discovered Attack} 42. Rxg2
Rxc7 43. Rxg6+ $2 {[%mdl 4096] Endgame KR-KR} (43. a5 e4 44. axb6 Rc1+ 45. Kh2
axb6 46. Rxg6+ Kf5 47. Rg7) 43... Kd5 44. a5 $2 (44. Kg2) 44... Kc5 {Black is
clearly winning.} 45. axb6 axb6 46. Re6 Kxb5 47. Rxe5+ Rc5 (47... Kc4 $142 48.
Re4+ Kd3) 48. Re1 Rg5 {Weighted Error Value: White=0.70/Black=0.18} 0-1

[Event "GCT Superbet Romania 2021"]
[Site "Bucharest"]
[Date "2021.06.12"]
[Round "7.2"]
[White "Aronian, Levon"]
[Black "Grischuk, Alexander"]
[Result "1-0"]
[WhiteElo "2781"]
[BlackElo "2776"]
[Annotator "TA"]
[PlyCount "57"]
[EventDate "2021.06.05"]
[EventType "tourn"]
[EventCountry "ROU"]
[SourceTitle "playchess.com"]
[Source "ChessBase"]
[SourceQuality "1"]

{[%evp 18,57,0,0,0,-11,23,29,22,19,14,17,52,0,0,0,0,-5,0,0,0,0,0,0,0,0,126,123,
140,120,300,283,929,908,1351,1346,1264,1206,1562,1506,1639,1233]} 1. d4 Nf6 2.
c4 e6 3. Nf3 d5 4. Nc3 c5 5. e3 Nc6 6. a3 dxc4 7. Bxc4 a6 8. O-O b5 9. Ba2 Bb7
10. d5 exd5 11. Nxd5 Be7 12. e4 O-O {White has an edge.} 13. Bf4 c4 14. Re1 Re8
15. Qd2 (15. Nc7 $1 $14) 15... Bc5 $11 16. Bg5 Be7 17. h4 h6 18. Bf4 Bc5 19.
Bc7 $1 {[%cal Rc7d8]} Qc8 20. Nxf6+ gxf6 21. Qf4 Nd4 {[#]} (21... Re7 $11 {
remains equal.} 22. Qg3+ Kh7) 22. Nxd4 $1 $16 Bxd4 {[#]} 23. Rad1 $1 $36 {
[%cal Rd1d4][%mdl 2048] Black is under strong pressure.} Bc5 {Loses the game.}
({Avoid the trap} 23... Bxb2 $2 24. Re3 $18) (23... Be5 $16 {keeps fighting.}
24. Bxe5 fxe5 25. Qxh6 Qg4) 24. Bb1 $18 {e5 is the strong threat.} Bf8 $2 (
24... Qe6 25. Bd6 (25. Qxh6 Qg4 $16) 25... Bxd6 26. Rxd6 Qe5 27. Qxh6 (27. Qxf6
Qxf6 28. Rxf6 Rad8 $14) 27... Rad8 28. Rxf6 Re6 29. Rxe6 fxe6) 25. Re3 {
White is clearly winning.} Bg7 26. Rg3 {Intending Qxf6 and mate.} Kh8 {[#]} 27.
e5 $1 {White threatens Rxg7! and mate.} Qe6 (27... Rg8 28. exf6) 28. Bf5 Qe7
29. Rd7 {Weighted Error Value: White=0.03/Black=0.42} 1-0

[Event "GCT Superbet Romania 2021"]
[Site "Bucharest"]
[Date "2021.06.12"]
[Round "7.3"]
[White "Radjabov, Teimour"]
[Black "So, Wesley"]
[Result "1/2-1/2"]
[WhiteElo "2765"]
[BlackElo "2770"]
[Annotator "TA"]
[PlyCount "75"]
[EventDate "2021.06.05"]
[EventType "tourn"]
[EventCountry "ROU"]
[SourceTitle "playchess.com"]
[Source "ChessBase"]
[SourceQuality "1"]

{[%evp 15,75,19,23,6,11,2,8,16,17,6,26,6,20,0,0,0,18,-6,0,0,0,0,0,0,0,0,0,0,0,
0,0,0,0,0,0,0,0,0,0,0,0,0,14,6,16,14,8,0,0,0,0,0,0,0,0,0,0,0,0,0,0,0]} 1. d4
Nf6 2. c4 e6 3. Nf3 d5 4. Nc3 Bb4 5. Bg5 dxc4 6. e4 h6 7. Bxf6 Qxf6 8. Bxc4 c5
9. e5 {D39: Queen's Gambit Declined: Ragozin Defence with 5 Bg5 dxc4.} Qd8 10.
O-O cxd4 11. Ne4 {[%cal Bc3e4,Be4g3,Bg3h5][%mdl 32]} O-O 12. Qe2 Be7 13. Rad1
Qc7 {The position is equal.} 14. Ng3 (14. Rxd4 Nc6 $15) 14... Bd7 {[#]} 15. Nh5
$146 ({Predecessor:} 15. Rxd4 Bc6 16. Rg4 Bxf3 17. gxf3 Nc6 18. Re1 Rad8 19.
Qe3 Bg5 20. f4 Nxe5 21. Qxe5 Qxc4 {1/2-1/2 (62) Nihal,S (2572)-So,W (2776)
Douglas 2018}) 15... g6 {[#]} 16. Bd3 $1 Bc6 ({Of course not} 16... gxh5 $6 17.
Qe4 $16) 17. Nxd4 Nd7 $1 ({Don't go for} 17... gxh5 $2 18. Qxh5 Bg5 19. f4 $18)
18. Rfe1 Nxe5 19. Qxe5 Qxe5 20. Rxe5 gxh5 21. Nxc6 bxc6 22. Rxh5 Kg7 23. Kf1
Rfd8 24. Ke2 Rd5 25. Rh3 Rad8 26. Rg3+ Kf8 27. Bc2 Re5+ 28. Re3 Rxe3+ (28...
Rxd1 {with more complications.} 29. Bxd1 Rh5 30. h3 Bf6 31. Rb3 Ra5) 29. fxe3
Rxd1 30. Kxd1 $11 {[%mdl 4096] Endgame KB-KB} Bf6 31. Be4 Bxb2 32. Bxc6 a5 33.
a4 Be5 34. g3 Ke7 35. Ke2 Kf8 36. Kd1 Ke7 37. Ke2 Kf8 38. Kd1 {Not much
happened in this game.  Weighted Error Value: White=0.03/Black=0.02} 1/2-1/2

[Event "GCT Superbet Romania 2021"]
[Site "Bucharest"]
[Date "2021.06.12"]
[Round "7.4"]
[White "Giri, Anish"]
[Black "Vachier-Lagrave, Maxime"]
[Result "1-0"]
[WhiteElo "2780"]
[BlackElo "2760"]
[Annotator "TA"]
[PlyCount "99"]
[EventDate "2021.06.05"]
[EventType "tourn"]
[EventCountry "ROU"]
[SourceTitle "playchess.com"]
[Source "ChessBase"]
[SourceQuality "1"]

{[%evp 15,99,25,35,10,18,15,43,21,31,7,15,2,0,4,49,-8,-10,-6,0,0,0,0,27,19,43,
45,52,52,54,53,54,52,55,45,54,52,50,45,45,45,52,45,52,52,52,52,55,55,66,43,47,
43,48,43,57,57,57,57,86,54,119,114,224,224,224,224,224,224,229,229,1240,801,
1188,606,1120,941,11323,12266,29959,29959,29954,29956,29962,29963,29963,12849]
} 1. Nf3 Nf6 2. c4 c5 3. Nc3 d5 4. cxd5 Nxd5 5. d4 Nxc3 6. bxc3 g6 7. e3 Bg7 8.
Bb5+ Bd7 {8...Bd7 is better than 8...Nd7.} 9. Bd3 {A34: Symmetrical English: 2
Nc3, lines with ...d5.} O-O 10. O-O {[#]} Qa5 $146 ({Predecessor:} 10... Nc6
11. Rb1 b6 12. d5 Na5 13. c4 e6 14. e4 exd5 15. cxd5 Re8 16. Re1 c4 {1-0 (46)
Jakovenko,D (2681)-Vachier Lagrave,M (2774) Khanty Mansiysk 2019}) 11. Qb3 {
White is slightly better.} Qc7 12. Rb1 {Strongly threatening Be4.} b6 $1 13.
Ba3 Nc6 14. dxc5 Be6 (14... Rfc8 {feels hotter.} 15. Be4 Rab8 16. cxb6 Rxb6 17.
Qc2 Be6) 15. cxb6 (15. Qc2 $14) 15... axb6 $11 16. Qxb6 Qxb6 17. Rxb6 Rxa3 18.
Rxc6 Bd5 19. Rc5 Bxf3 20. gxf3 Bxc3 21. Bc4 Bb4 22. Rb5 Bd6 23. Rc1 Rfa8 24. f4
Kg7 25. Bb3 R8a5 26. Rd5 (26. Rg5 {seems wilder.} Ra7 27. Kg2 Rb7 28. Rc6 Bb4
29. Rd5) 26... Rxd5 27. Bxd5 $14 {[%mdl 4096] Endgame KRB-KRB} h6 28. h3 g5 29.
fxg5 hxg5 30. Bb3 Ra5 31. a4 Rc5 32. Rb1 Kf6 33. Kg2 Bc7 34. Bd1 Rd5 35. Rc1
Bd6 36. Be2 Rc5 37. Ra1 Rc3 (37... Bc7 $14) 38. a5 $16 {[%cal Ba4a5,Ba5a6]
[%mdl 32] a6 is the strong threat.} Ra3 (38... Bc5 $16 39. a6 Ba7) 39. Rxa3 $18
Bxa3 {KB-KB} 40. Kf3 e6 41. Bd3 Ke7 42. Kg4 Kf6 $2 (42... f6 43. f4 gxf4) 43.
a6 Bc5 44. Bb5 Ba7 45. Be8 Ke7 {[#]} 46. Bxf7 $1 {[%mdl 512]} Kxf7 (46... Kf8
47. Bxe6) 47. Kxg5 {White mates.} Kg7 48. h4 e5 49. Kf5 Bb8 50. Ke4 {Weighted
Error Value: White=0.08/Black=0.35} 1-0

[Event "GCT Superbet Romania 2021"]
[Site "Bucharest"]
[Date "2021.06.12"]
[Round "7.5"]
[White "Lupulescu, Constantin"]
[Black "Deac, Bogdan-Daniel"]
[Result "1/2-1/2"]
[WhiteElo "2656"]
[BlackElo "2627"]
[Annotator "TA"]
[PlyCount "150"]
[EventDate "2021.06.05"]
[EventType "tourn"]
[EventCountry "ROU"]
[SourceTitle "playchess.com"]
[Source "ChessBase"]
[SourceQuality "1"]

{[%evp 9,150,0,-2,-4,0,0,0,-4,0,0,0,0,20,0,0,0,0,0,-3,-12,0,0,0,0,10,5,6,2,2,5,
2,0,9,0,0,0,0,0,0,-14,-12,-31,-10,-7,-4,-32,-23,-39,-32,-32,-24,-9,-23,-21,-5,
-12,-9,-8,-15,-19,-6,-6,-6,-6,0,0,0,-16,-7,-8,0,0,0,-6,-5,-6,-5,-6,-6,-6,-6,
-19,0,-12,0,-6,0,-23,-6,-37,-39,-39,-39,-38,-38,-38,-37,-37,-38,-38,-12,-9,-8,
-8,-8,-8,-9,-41,-52,-45,0,-2,0,0,0,0,0,0,0,0,0,0,0,0,0,0,0,0,0,0,0,0,0,0,0,0,0,
0,0,0,0,0,0]} 1. c4 Nf6 2. Nc3 e5 3. e3 Nc6 4. a3 g6 5. d4 exd4 6. exd4 {
A25: English Opening vs King's Indian with ...Nc6 but without early d3.} d5 {
[#]} 7. Bg5 $146 {[#] Strongly threatening Qe2+.} ({Predecessor:} 7. Nf3 Bg4 8.
Be3 Be7 9. Bd3 Bxf3 {0-1 (9) Joslin,K (1651)-Kellett,S ICCF email 2017}) 7...
Be7 8. Nf3 O-O 9. Be2 Be6 10. cxd5 Bxd5 11. Nxd5 Nxd5 12. Bh6 Re8 13. O-O Bf6
14. Rc1 a6 15. Bc4 Qd6 16. Ba2 Bg7 17. Bxg7 Kxg7 18. Qb3 Nce7 19. Rfe1 ({
But not} 19. Qxb7 $2 Reb8 $19) 19... Qb6 20. Qxb6 cxb6 21. Re5 Red8 22. g3 Rd7
23. Re2 (23. Kg2 {feels hotter.} f6 24. Ree1 Nc6 25. Ng1 b5 26. Nf3) 23... f6
24. Bxd5 (24. Ne1 {feels hotter.} Rad8 25. Ng2 f5 26. Ne3 Nf6 27. Be6) 24...
Nxd5 25. Rec2 g5 26. Kf1 Re8 27. Re2 Red8 28. Ne1 Kf7 29. Nc2 b5 (29... Ne7 {
seems wilder.} 30. Rd1 Nc6 31. Kg2 Rd5 32. Red2 h5) 30. Ne3 Ne7 31. Rd2 h5 ({
Much worse is} 31... Rxd4 32. Rxd4 Rxd4 33. Rc7 $14) 32. Rcd1 (32. d5 $5) 32...
Nc8 33. d5 Nd6 34. Rc2 Kg6 35. Rd4 Re8 36. h4 Ne4 37. Kg2 Nd6 38. Kf1 Rde7 39.
Rc1 Ne4 40. Ng2 Nd6 41. Ne3 Rf7 42. Kg2 Re5 43. Kg1 Rd7 44. Kf1 Rde7 45. Kg2
Rd7 46. Kf1 Rde7 47. Kg2 gxh4 48. gxh4 Re4 49. Rcd1 f5 50. Kf3 Kf6 51. Ng2 Ke5
52. Rxe4+ fxe4+ $15 {[%mdl 4096] Endgame KRN-KRN} 53. Ke2 Nc4 54. Ne3 Nxb2 55.
d6 Rd7 56. Rd5+ Ke6 57. Rxh5 Kxd6 58. Rh8 Nc4 59. h5 $1 Ke5 60. Re8+ {The
position is equal.} Kf4 61. Rf8+ Kg5 62. Rf5+ Kh4 63. Nxc4 bxc4 $11 {KR-KR} 64.
Rc5 b5 65. a4 Rh7 (65... Rb7 {with more complications.} 66. h6 Kg4 67. axb5
axb5 68. Ke3 Rh7) 66. axb5 axb5 67. Rxb5 Rxh5 68. Rb8 Rc5 69. Re8 c3 {[#] And
now ...c2 would win.} 70. Rxe4+ Kh3 {Threatens to win with ...c2.} (70... Kh5
$5 71. Kd1 $8 c2+ 72. Kc1 Kg5 $11) 71. Kd1 c2+ 72. Kc1 Kg2 73. Re2 Kf3 74. Rxc2
Rxc2+ 75. Kxc2 Kxf2 {Weighted Error Value: White=0.03/Black=0.05} 1/2-1/2